00731nam a22002057a 450000500170000001000150001702000260003203500140005803700090007208200150008110000270009624500660012325000070018926000310019627000890022730000320031694200290034899900190037795201290039620240718143857.0 aENG-140889 c295.00a9788180389184 aEN-124421 bDBAD a320.54221 aBasu, Durga Das968546 aIntroduction to the Constitution of India/cBy Durga Das Basu a21 aGurgaonbLexis Nexisc2013 a14th Floor Building N0-10,Tower-B,DLF Cyber City Phase-IIbGurgaon (Haryana)e122002 axxvii,526p.c24cm(pbk)bill 2ddccENh320.54mBASe21 c204184d204184 001040708NFICaNRbNRd2024-07-18eDBADg295.00l0o320.54 BASpEN-124421r2024-07-18 00:00:00t1v295.00w2024-07-18yEN